000 00374nam a22001577a 4500
003 OSt
008 250401b |||||||| |||| 00| 0 eng d
020 _a9789354535055
082 _a658.3 SAH
100 _aSANGHI,Seema
245 _aHuman Resource Management
250 _a2nd Ed
260 _aNew Delhi
_bVikas Publishing House
_c2025
300 _a465
942 _2ddc
_cBK
999 _c13191
_d13191